[Event "Challenge"]
[Site "http://www.queenalice.com/game.php?id=1166491"]
[Date "2013.3.31"]
[Round "-"]
[White "Herbert_Paulo"]
[Black "rama123"]
[Result "1-0"]
[WhiteElo "1698"]
[BlackElo "1977"]

1. e4 c5 2. Nf3 Nc6 3. d3 e6 4. Be2 Nf6 5. O-O Be7 6. Bg5 h6 7. Bh4 O-O 8. Bxf6
Bxf6 9. Nbd2 Bxb2 10. Rb1 Bc3 11. Nc4 d5 12. Ne3 Nd4 13. Rb3 Nxb3 14. axb3 dxe4
15. Ne1 exd3 16. Bxd3 b6 17. Qf3 Rb8 18. Qe4 g6 19. Qf4 Kh7 20. Qxb8 a5 21. Nf3
Re8 22. Rd1 Bd4 23. c3 1-0

[Event "AUTO-ADV-2732"]
[Site "http://www.queenalice.com/game.php?id=1169033"]
[Date "2013.4.7"]
[Round "2"]
[White "rama123"]
[Black "Herivelto"]
[Result "0-1"]
[WhiteElo "1943"]
[BlackElo "1995"]

1. d4 Nf6 2. Bf4 g6 3. Nd2 Bg7 4. e4 d6 5. Ngf3 O-O 6. Bd3 c5 7. dxc5 dxc5 8. h3
Nc6 9. Be3 Nb4 10. Qe2 Nxd3+ 11. cxd3 Nd7 12. Rb1 b6 13. O-O Ba6 14. b3 Ne5 15.
Nxe5 Bxe5 16. Nc4 Bg7 17. Rbd1 Qc7 18. f4 b5 19. Nd2 Rfd8 20. Nf3 b4 21. Qc2 Bc3
22. Bd2 Bxd3 23. Qc1 Bxf1 24. Bxc3 bxc3 25. Rxd8+ Rxd8 26. Kxf1 Qa5 27. a4 Qb4
28. Qc2 c4 29. bxc4 Qxc4+ 30. Kg1 Rb8 0-1

[Event "AUTO-ADV-2732"]
[Site "http://www.queenalice.com/game.php?id=1169034"]
[Date "2013.4.7"]
[Round "2"]
[White "Herivelto"]
[Black "rama123"]
[Result "0-1"]
[WhiteElo "1979"]
[BlackElo "1929"]

1. Nf3 d5 2. c4 e6 3. cxd5 exd5 4. b3 Nf6 5. Bb2 Bc5 6. d4 Bb4+ 7. Bc3 a5 8. g3
Ne4 9. Bxb4 axb4 10. Nfd2 Bf5 11. Bg2 O-O 12. Nxe4 Bxe4 13. Bxe4 dxe4 14. Qd2
Qe7 15. Qf4 Nc6 16. e3 Rfe8 17. Nd2 Rac8 18. O-O b5 19. Rfc1 Nd8 20. Rc5 Ne6 21.
Qxe4 Nxc5 22. Qxe7 Rxe7 23. dxc5 Rd8 24. Nf3 Red7 25. Nd4 Rd5 26. Rc1 Re8 27.
Kf1 Ree5 28. c6 Rc5 29. Rxc5 Rxc5 30. Ke2 Rc1 31. Nxb5 Rxc6 32. Kd2 Rc5 33. Nd4
Ra5 34. Nc6 Rxa2+ 35. Kd3 Rxf2 36. h4 Rg2 37. Nxb4 Rxg3 38. Nd5 c5 39. Kc4 Rh3
40. Kxc5 Rxh4 41. b4 Rh1 42. b5 Rc1+ 43. Kd6 Rb1 44. b6 h5 45. Kc7 h4 46. Nf4 g5
47. Ng2 h3 0-1

[Event "AUTO-ADV-2732"]
[Site "http://www.queenalice.com/game.php?id=1169035"]
[Date "2013.4.7"]
[Round "2"]
[White "rama123"]
[Black "Aborigen"]
[Result "0-1"]
[WhiteElo "1929"]
[BlackElo "2017"]

1. d4 e6 2. Nf3 f5 3. Bg5 Be7 4. Bxe7 Qxe7 5. c3 Nf6 6. e3 O-O 7. Bd3 d5 8. O-O
c6 9. Nbd2 Nbd7 10. c4 Ne4 11. cxd5 cxd5 12. Rc1 Ndf6 13. Ne5 Nd7 14. Nxd7 Qxd7
15. f3 Nxd2 16. Qxd2 Qd6 17. Rc3 Bd7 18. Rfc1 Rac8 19. Rxc8 Rxc8 20. Rxc8+ Bxc8
21. Qc2 Bd7 22. a3 Qc6 23. b4 Qxc2 24. Bxc2 Kf7 25. e4 fxe4 26. fxe4 dxe4 27.
Bxe4 b6 28. Bxh7 g6 29. h4 Kg7 30. Bxg6 Kxg6 31. g3 Kf5 32. Kg2 Kg4 33. Kh2 Bc6
0-1

[Event "AUTO-ADV-2732"]
[Site "http://www.queenalice.com/game.php?id=1169036"]
[Date "2013.4.7"]
[Round "2"]
[White "Aborigen"]
[Black "rama123"]
[Result "0-1"]
[WhiteElo "2029"]
[BlackElo "1917"]

1. e4 c5 2. b4 b6 3. f4 cxb4 4. Nf3 Nf6 5. e5 Nd5 6. Bc4 Bb7 7. d4 Qc8 8. Bxd5
Bxd5 9. O-O Nc6 10. Be3 Na5 11. Nbd2 e6 12. Qe2 Be7 13. Ng5 h6 14. Nge4 O-O 15.
Rf2 Qxc2 16. Qe1 Bxe4 17. Rc1 Qd3 18. Nf1 Qb5 19. Ng3 Bd5 20. f5 exf5 21. Nxf5
Bg5 22. Bxg5 hxg5 23. Qd2 f6 24. Nd6 Nc4 25. Nxb5 Nxd2 26. Rxd2 a5 27. Nc7 Rac8
28. Rdc2 Bb7 29. Nb5 Rxc2 30. Rxc2 fxe5 31. dxe5 Ba6 32. Nd6 Rf1# 0-1

[Event "Challenge"]
[Site "http://www.queenalice.com/game.php?id=1178582"]
[Date "2013.5.4"]
[Round "-"]
[White "rama123"]
[Black "matamuff"]
[Result "1/2-1/2"]
[WhiteElo "1935"]
[BlackElo "1782"]

1. d4 Nc6 2. e4 Nf6 3. e5 Nd5 4. c4 Nb6 5. Nf3 d6 6. exd6 exd6 7. h3 Bf5 8. Be3
Be7 9. Be2 Nb4 10. Na3 O-O 11. Qd2 Nc6 12. O-O Nd7 13. d5 Nce5 14. Nb5 Nxf3+ 15.
Bxf3 Ne5 16. Be2 h6 17. Nxa7 Bh4 18. f4 Nd7 19. Nb5 Rc8 20. b4 Nf6 21. Bf3 Be4
22. Nc3 Bxf3 23. Rxf3 Nh5 24. Bf2 Bxf2+ 25. Qxf2 f5 26. Re3 Nf6 27. a4 Qd7 28.
b5 Rfe8 29. Rxe8+ Rxe8 30. Re1 Rxe1+ 31. Qxe1 c5 32. b6 Kf7 33. a5 Qc8 34. Nb5
Qd7 35. Nc7 Ne4 36. a6 bxa6 37. Nxa6 Qb7 38. Qa5 Nf6 39. Nc7 Nd7 40. Qe1 Nf6 41.
Qe6+ Kg6 42. Qxd6 1/2-1/2

[Event "AUTO-OPEN-2805"]
[Site "http://www.queenalice.com/game.php?id=1184983"]
[Date "2013.5.26"]
[Round "2"]
[White "rama123"]
[Black "pacou93"]
[Result "1-0"]
[WhiteElo "1947"]
[BlackElo "1801"]

1. d4 Nf6 2. Nf3 d6 3. Nc3 Bf5 4. Nh4 Be4 5. f3 Bg6 6. e4 e6 7. Nxg6 hxg6 8. Bg5
Be7 9. Qd2 Nbd7 10. O-O-O c6 11. Kb1 e5 12. f4 Nxe4 13. Nxe4 Bxg5 14. Nxg5 exf4
15. Re1+ Kf8 16. Qxf4 Nf6 17. Bc4 Qd7 18. Bxf7 1-0

[Event "AUTO-ADV-2888"]
[Site "http://www.queenalice.com/game.php?id=1194478"]
[Date "2013.6.26"]
[Round "1"]
[White "traub"]
[Black "rama123"]
[Result "1-0"]
[WhiteElo "1681"]
[BlackElo "1863"]

1. e4 c5 2. Nf3 Nc6 3. d4 cxd4 4. Nxd4 Nf6 5. Nc3 e6 6. f3 Qb6 7. Be3 Qxb2 8.
Na4 Qb4+ 9. c3 Qa5 10. Bd2 Be7 11. Nb2 O-O 12. Bd3 Nxd4 13. cxd4 Qb6 14. Bc3 Bb4
15. Qb3 Bxc3+ 16. Qxc3 d6 17. Rb1 1-0

[Event "AUTO-ADV-2888"]
[Site "http://www.queenalice.com/game.php?id=1194479"]
[Date "2013.6.26"]
[Round "1"]
[White "rama123"]
[Black "traub"]
[Result "0-1"]
[WhiteElo "1840"]
[BlackElo "1704"]

1. d4 Nf6 2. c4 e6 3. Nc3 d5 4. cxd5 exd5 5. Bg5 Be7 6. Nf3 O-O 7. e3 Ne4 8.
Bxe7 Qxe7 9. Nxd5 Qd6 10. Nc3 Bf5 11. Be2 Nc6 12. a3 a6 13. Nd2 Rfe8 14. Ndxe4
Bxe4 15. Nxe4 Rxe4 16. Bf3 Re7 17. O-O f5 0-1

[Event "AUTO-ADV-2888"]
[Site "http://www.queenalice.com/game.php?id=1194494"]
[Date "2013.6.26"]
[Round "1"]
[White "Herivelto"]
[Black "rama123"]
[Result "1-0"]
[WhiteElo "1904"]
[BlackElo "1928"]

1. Nf3 Nf6 2. c4 e6 3. d4 Bb4+ 4. Bd2 Qe7 5. a3 Bxd2+ 6. Qxd2 b6 7. Nc3 Bb7 8.
Qf4 d6 9. e4 Nbd7 10. Nb5 Qd8 11. d5 Nh5 12. Qd2 e5 13. b4 a6 14. Nc3 Nf4 15. g3
Ng6 16. Bg2 c6 17. dxc6 Bxc6 18. Qxd6 Rc8 19. Rd1 Qe7 20. Qxe7+ Nxe7 21. Bh3 Rd8
22. Nd5 Nxd5 23. cxd5 Bb5 24. Kd2 Nf6 25. Ke3 O-O 26. Nxe5 Rfe8 27. f4 Rc8 28.
Bxc8 Rxc8 29. Rc1 Re8 30. Rc7 1-0

[Event "AUTO-ADV-2888"]
[Site "http://www.queenalice.com/game.php?id=1194495"]
[Date "2013.6.26"]
[Round "1"]
[White "rama123"]
[Black "Herivelto"]
[Result "0-1"]
[WhiteElo "1911"]
[BlackElo "1921"]

1. d4 Nf6 2. c4 g6 3. Nc3 Bg7 4. Nf3 O-O 5. e4 d6 6. Bd3 Re8 7. O-O Nc6 8. h3 e5
9. d5 Ne7 10. Qb3 b6 11. Bd2 Nd7 12. Qc2 Nc5 13. Be2 f5 14. exf5 gxf5 15. b4 Nd7
16. Nh4 Rf8 17. f3 f4 18. Bd3 Rf7 19. Bxh7+ Kh8 20. Bd3 Nf6 21. Ng6+ Kg8 22.
Nxe7+ Qxe7 23. Bg6 Rf8 24. h4 Ne8 25. Kf2 Qxh4+ 26. Ke2 Qg3 27. Rf2 Bf6 28. Rh1
Bh4 29. Be1 Nf6 30. Rh3 Qg5 31. Nb5 Bxh3 0-1

[Event "AUTO-ADV-2888"]
[Site "http://www.queenalice.com/game.php?id=1194504"]
[Date "2013.6.26"]
[Round "1"]
[White "MrDJRVD"]
[Black "rama123"]
[Result "1-0"]
[WhiteElo "1724"]
[BlackElo "1885"]

1. d4 d5 2. c4 e6 3. cxd5 exd5 4. Nf3 c6 5. e3 Nf6 6. g3 Bd6 7. Bg2 Be6 8. O-O
Nbd7 9. Nbd2 Qc7 10. b3 O-O-O 11. Bb2 h5 12. h4 Ng4 13. Ng5 Nf8 14. Nxe6 Nxe6
15. Nf3 f6 16. Nh2 Nxf2 17. Rxf2 Bxg3 18. Rf1 Bxh2+ 19. Kh1 Bg3 20. Qf3 Bxh4 21.
Bh3 Rde8 22. Bf5 Rh6 23. Qh3 1-0

[Event "AUTO-ADV-2888"]
[Site "http://www.queenalice.com/game.php?id=1194505"]
[Date "2013.6.26"]
[Round "1"]
[White "rama123"]
[Black "MrDJRVD"]
[Result "0-1"]
[WhiteElo "1909"]
[BlackElo "1700"]

1. d4 d5 2. Nf3 e6 3. e3 a6 4. Bd3 Nf6 5. O-O g6 6. Nbd2 Bg7 7. c4 dxc4 8. Nxc4
O-O 9. Ng5 Nbd7 10. Bd2 c5 11. Nf3 cxd4 12. Nxd4 Nd5 13. Rc1 b5 14. Nd6 Nc5 15.
Rxc5 Qxd6 16. Rc1 Bb7 17. a3 Rac8 18. Qg4 Nf6 19. Qh3 Qd5 20. Be2 Rxc1 21. Rxc1
Rc8 22. Rxc8+ Bxc8 0-1

[Event "AUTO-ADV-2910"]
[Site "http://www.queenalice.com/game.php?id=1200947"]
[Date "2013.7.19"]
[Round "1"]
[White "askasl159"]
[Black "rama123"]
[Result "0-1"]
[WhiteElo "1730"]
[BlackElo "1900"]

1. b3 d5 2. Bb2 c5 3. d4 cxd4 4. Bxd4 Nc6 5. Bb2 e5 6. g3 Nf6 7. Bg2 Bb4+ 8. Nd2
Bd7 9. e4 d4 10. Nf3 O-O 11. O-O Rc8 12. Nc4 Bg4 13. Qd3 Re8 14. a3 Bd6 15. c3
Bxf3 16. Bxf3 Bc5 17. b4 dxc3 18. Qxd8 Rcxd8 19. Bxc3 Rd3 20. Be2 Rxc3 21. bxc5
Nxe4 22. Rad1 Nd4 23. Bd3 Nxc5 24. Nb2 Rxa3 25. Bc4 b5 26. Bd5 Rd8 27. Bg2 a5
28. Rde1 f6 29. f4 exf4 30. Rxf4 Ra2 31. Rf2 Ra3 32. Rc1 Nd3 33. Nxd3 Rxd3 34.
Be4 Re3 35. Rf4 Ne2+ 36. Kf2 Nxc1 37. Kxe3 b4 38. Bc6 Rd3+ 39. Ke4 Rd8 40. Ba4
Ne2 41. Rf3 Nc3+ 42. Kf5 Nxa4 43. Rf1 Nc3 44. Ke6 Kf8 45. Rf5 b3 46. Rc5 b2 47.
Rxc3 b1=Q 48. Rc5 Qb6+ 0-1

[Event "AUTO-ADV-2910"]
[Site "http://www.queenalice.com/game.php?id=1200948"]
[Date "2013.7.19"]
[Round "1"]
[White "rama123"]
[Black "askasl159"]
[Result "1-0"]
[WhiteElo "1891"]
[BlackElo "1721"]

1. d4 b6 2. c4 Bb7 3. Nc3 g6 4. e4 Bg7 5. Nf3 e6 6. Bg5 Ne7 7. Be2 d5 8. cxd5
exd5 9. e5 Qd7 10. O-O O-O 11. Rc1 Nf5 12. Re1 Nc6 13. Bb5 Qe6 14. Ba4 Rfe8 15.
a3 Bh6 16. Bxh6 Nxh6 17. h3 Ba6 18. Ng5 Qd7 19. Bxc6 Qxc6 20. Nce4 Qb5 21. Nf6+
Kg7 22. Nxe8+ Qxe8 23. Rxc7 Qd8 24. Rc3 Qxg5 25. e6 fxe6 26. Rxe6 Nf7 27. Rc7
Bc8 28. Re5 Qd8 29. Rce7 a5 30. Qf3 Bf5 31. g4 Kh6 32. Rxf7 1-0

[Event "AUTO-ADV-2910"]
[Site "http://www.queenalice.com/game.php?id=1200961"]
[Date "2013.7.19"]
[Round "1"]
[White "rama123"]
[Black "marcomasa"]
[Result "1-0"]
[WhiteElo "1922"]
[BlackElo "1680"]

1. d4 d5 2. Nf3 Bf5 3. Bf4 Nc6 4. e3 h6 5. Bb5 Qd7 6. Nbd2 Nf6 7. Ne5 Qe6 8. Nb3
a6 9. Nc5 Qc8 10. Bxc6+ bxc6 11. Nxc6 Qd7 12. Nxd7 Kxd7 13. Ne5+ Ke8 14. c3 e6
15. Qa4+ Ke7 16. Qc6 Ra7 17. Qc5+ Ke8 18. Qxa7 Bd6 19. Qb8+ Ke7 20. Qxh8 Ne8 21.
Nc6+ Kd7 22. Bxd6 cxd6 23. Nb8+ Ke7 24. Nxa6 Kd7 25. Nb4 Kd8 26. a4 e5 27. a5
Bc8 28. a6 Kd7 29. a7 Bb7 30. a8=Q Bc8 31. Ra7+ Kd8 32. Nc6# 1-0

[Event "AUTO-ADV-2910"]
[Site "http://www.queenalice.com/game.php?id=1200962"]
[Date "2013.7.19"]
[Round "1"]
[White "marcomasa"]
[Black "rama123"]
[Result "1-0"]
[WhiteElo "1652"]
[BlackElo "1950"]

1. e4 c5 2. Bc4 e6 3. Nc3 Nc6 4. Nf3 Nf6 5. d3 Be7 6. Bd2 a6 7. a3 d5 8. Ba2 O-O
9. e5 Ng4 10. Qe2 Qc7 11. O-O-O Ngxe5 12. h3 Nd7 13. g4 h6 14. h4 Nce5 15. h5
Nxg4 16. Rdg1 Ngf6 17. Bxh6 Kh7 18. Bxg7 Qf4+ 19. Kb1 Rg8 20. h6 Rd8 21. Ng5+
Kg8 22. Bxf6 Qxf6 23. Nge4+ Qg6 24. Rxg6+ fxg6 25. Nd2 Nf6 26. Qf1 Kh7 27. Qg2
Rg8 28. Nf3 Nd7 29. Ng5+ Bxg5 30. Qxg5 Re8 31. Ne2 1-0

[Event "AUTO-ADV-2910"]
[Site "http://www.queenalice.com/game.php?id=1200963"]
[Date "2013.7.19"]
[Round "1"]
[White "rama123"]
[Black "thw"]
[Result "0-1"]
[WhiteElo "1970"]
[BlackElo "1859"]

1. d4 d5 2. Nf3 Nf6 3. Bf4 e6 4. e3 Bd6 5. Bg3 Bxg3 6. hxg3 c5 7. c3 c4 8. Nbd2
Nc6 9. b3 b5 10. bxc4 bxc4 11. Rb1 Qa5 12. Qc2 h6 13. Be2 O-O 14. Rh4 Ne7 15.
Ne5 Qc7 16. g4 Nh7 17. f4 f6 18. Ng6 Nxg6 19. Qxg6 Kh8 20. Nf3 Bd7 21. g3 Rab8
22. g5 Be8 23. Qc2 fxg5 24. fxg5 Qxg3+ 25. Kd2 Rxb1 26. Qxb1 Rxf3 27. Bxf3 Qxh4
28. Qb8 Nxg5 29. Qxe8+ Kh7 30. Qh5 Qf2+ 31. Be2 Ne4+ 0-1

[Event "AUTO-ADV-2910"]
[Site "http://www.queenalice.com/game.php?id=1200964"]
[Date "2013.7.19"]
[Round "1"]
[White "thw"]
[Black "rama123"]
[Result "0-1"]
[WhiteElo "1882"]
[BlackElo "1957"]

1. e4 c5 2. Nf3 Nc6 3. d4 cxd4 4. Nxd4 e5 5. Nxc6 bxc6 6. Bc4 Nf6 7. Nc3 h6 8.
a3 Bc5 9. O-O O-O 10. Kh1 Rb8 11. b4 Bd4 12. Bd2 Nxe4 13. Qg4 Nxd2 0-1

[Event "AUTO-OPEN-2805"]
[Site "http://www.queenalice.com/game.php?id=1201703"]
[Date "2013.7.21"]
[Round "3"]
[White "rama123"]
[Black "Emiondi"]
[Result "0-1"]
[WhiteElo "1819"]
[BlackElo "1464"]

1. d4 Nf6 2. Nf3 g6 3. c4 Bg7 4. Nc3 d6 5. e4 O-O 6. Be2 e5 7. O-O Nc6 8. d5 Ne7
9. Ne1 Nd7 10. f3 f5 11. exf5 Nxf5 12. Nc2 a5 13. a4 Nc5 14. Ne3 b6 15. Nxf5
Bxf5 16. g4 Bd7 17. Be3 Qf6 18. Bd3 Nxd3 19. Qxd3 Rac8 20. Kg2 Qh4 21. Bf2 Qf6
22. Bg3 g5 0-1

[Event "AUTO-OPEN-2805"]
[Site "http://www.queenalice.com/game.php?id=1201704"]
[Date "2013.7.21"]
[Round "3"]
[White "Emiondi"]
[Black "rama123"]
[Result "1-0"]
[WhiteElo "1494"]
[BlackElo "1789"]

1. d4 Nf6 2. c4 e6 3. Nc3 Bb4 4. Bg5 h6 5. Bh4 b6 6. Nf3 g5 7. Bg3 Ne4 8. Qc2
Bb7 9. e3 Bxc3+ 10. bxc3 Nxg3 11. hxg3 d6 12. Bd3 Qf6 13. Be4 c6 14. g4 Nd7 15.
Rd1 d5 16. cxd5 cxd5 17. Bd3 a6 18. e4 dxe4 19. Bxe4 Rb8 20. Bxb7 Rxb7 21. Qe4
Rb8 22. Ne5 1-0

[Event "Challenge"]
[Site "http://www.queenalice.com/game.php?id=1205790"]
[Date "2013.8.6"]
[Round "-"]
[White "rama123"]
[Black "matamuff"]
[Result "1/2-1/2"]
[WhiteElo "1895"]
[BlackElo "1788"]

1. d4 c5 2. c3 e6 3. Nf3 Nf6 4. Bf4 cxd4 5. cxd4 Qb6 6. Qc2 d6 7. Nc3 Qd8 8. e3
a6 9. Bd3 g6 10. Be2 Bg7 11. Ng5 O-O 12. h4 Nd5 13. Nxd5 exd5 1/2-1/2